000 01230nam0a22002651 4500
001 rc\277496
005 20030307120436.7
035 _a(NLR Aleph) 005501431
090 _a5311179
_c5311179
100 _a20030307d1990 u |0rusy50 ca
101 0 _arus
102 _aRU
105 _aa |||||||||
200 1 _aМикропроцессорные системы управления в ядерных энергетических установках
_eУчеб. пособие по курсам "Основы микропроцессор. техники", "Микропроцессор. системы упр. ЯЭУ"
_fВ.В. Королев, А.В. Козлов, А.Н. Пронкевич
_gГос. ком. СССР по нар. образованию. Обнин. ин-т атом. энергетики. Физ.-энерг. фак.
210 _aОбнинск
_cОИАЭ
_d1990
215 _a80 с.
_cсхем.
_d20
320 _aБиблиогр.: с. 80
700 1 _aКоролев
_bВ. В.
_gВалерий Васильевич
701 1 _aКозлов
_bА. В.
701 1 _aПронкевич
_bА. Н.
801 0 _aRU
_bNLR
_gpsbo
801 1 _aRU
_bELAR
_2rusmarc
852 _aNLR
_j90-4/8726
942 _cBOOK
980 _aNB